[Event "Crema op-B 17th"]
[Site "Crema"]
[Date "2016.09.04"]
[Round "6"]
[White "Galli, Fabrizio"]
[Black "Folcini, Gaddo"]
[Result "0-1"]
[WhiteElo "1435"]
[BlackElo "1570"]
[PlyCount "104"]
[EventDate "2016.09.02"]
[EventType "swiss"]
[EventRounds "6"]
[EventCountry "ITA"]
[SourceTitle "EXT 2018"]
[Source "ChessBase"]
[SourceDate "2017.10.13"]
[SourceVersion "1"]
[SourceVersionDate "2017.10.13"]
[SourceQuality "1"]

1. d4 e5 2. dxe5 Nc6 3. Nf3 d6 4. Bg5 f6 5. exf6 Nxf6 6. e3 h6 7. Bh4 g5 8. Bg3 Ne4 9. Bd3 Bf5 10. Nbd2 Qe7 11. Nxe4 Bxe4 12. Qe2 0-0-0 13. 0-0-0 Bg7 14. Bxe4 Qxe4 15. Kb1 Rhf8 16. Rhg1 Rf5 17. Nd2 Qb4 18. Nb3 Re8 19. Qd3 Rb5 20. Qg6 Re7 21. Qd3 Qa4 22. f3 Nb4 23. Qc4 Qxa2+ 24. Kc1 Qxb2+ 25. Kd2 Rd5+ 26. Ke2 Rxd1 27. Rxd1 Nxc2 28. Rd2 Rxe3+ 29. Kf2 Qb1 30. Re2 Qxb3 31. Qxb3 Rxb3 32. Rxc2 Bd4+ 33. Kf1 Be5 34. Bxe5 dxe5 35. Rc1 Rb5 36. Kf2 a5 37. Ke3 a4 38. Ke4 a3 39. Ra1 Ra5 40. Kd3 b5 41. Kc3 c5 42. Kb3 b4 43. Kc4 Kb7 44. Kb3 Kc6 45. Kc4 Kb6 46. Ra2 Ra4 47. g3 Ra8 48. Ra1 Rd8 49. Ra2 Rd4+ 50. Kb3 Kb5 51. Kc2 c4 52. Kc1 Ka4 0-1

[Event "Crema op 16th"]
[Site "Crema"]
[Date "2015.09.04"]
[Round "1"]
[White "Miconi, Francesco"]
[Black "Folcini, Gaddo"]
[Result "1-0"]
[WhiteElo "1977"]
[BlackElo "1585"]
[PlyCount "69"]
[EventDate "2015.09.04"]
[EventType "swiss"]
[EventRounds "6"]
[EventCountry "ITA"]
[SourceTitle "EXT 2024"]
[Source "ChessBase"]
[SourceDate "2023.10.10"]
[SourceVersion "1"]
[SourceVersionDate "2023.10.10"]
[SourceQuality "1"]

1. e4 e5 2. Nf3 d5 3. Nxe5 Nf6 4. exd5 Qxd5 5. Nf3 Bd6 6. Nc3 Qf5 7. Be2 Qg6 8. 0-0 Bh3 9. Ne1 Nc6 10. Kh1 Bf5 11. d4 0-0-0 12. Be3 Rhe8 13. Nb5 Be5 14. c3 a6 15. Na3 Nd5 16. Bd3 Nxe3 17. fxe3 Bxd3 18. Qxd3 Qh5 19. Qf5+ Qxf5 20. Rxf5 Bf6 21. Nac2 Ne7 22. Rf3 Nd5 23. Nd3 Bg5 24. Re1 Re7 25. e4 Nf6 26. e5 Nd5 27. Ref1 Rf8 28. g3 h5 29. Rf5 Ne3 30. Nxe3 Bxe3 31. Rxh5 g6 32. Rh7 Kd7 33. Nf4 f5 34. Rxe7+ Kxe7 35. Nxg6+ 1-0

[Event "Ghedi Autunn op 1st"]
[Site "Ghedi"]
[Date "2014.11.08"]
[Round "1"]
[White "Folcini, Gaddo"]
[Black "Pesci, Silvio"]
[Result "1-0"]
[WhiteElo "1609"]
[BlackElo "1425"]
[PlyCount "66"]
[EventDate "2014.11.08"]
[EventType "swiss"]
[EventRounds "6"]
[EventCountry "ITA"]
[SourceTitle "EXT 2017"]
[Source "ChessBase"]
[SourceDate "2016.10.25"]
[SourceVersion "1"]
[SourceVersionDate "2016.10.25"]
[SourceQuality "1"]

1. e4 e5 2. d4 Nc6 3. d5 Nce7 4. Bg5 f6 5. Be3 Ng6 6. Be2 Bb4+ 7. c3 Bd6 8. h4 h6 9. Bh5 N8e7 10. Qg4 Kf7 11. Rh3 Rh7 12. Rg3 Qf8 13. Bxg6+ Nxg6 14. Qxg6+ Kg8 15. Bxh6 c6 16. Be3 cxd5 17. h5 dxe4 18. Qxe4 f5 19. Qd5+ Kh8 20. Rg6 f4 21. Bxa7 Bc7 22. Bc5 Qe8 23. Rg5 Ra6 24. Nd2 d6 25. Ba3 Qe7 26. Ngf3 Ra5 27. Qe4 Qf7 28. 0-0-0 Qxa2 29. Qg6 Qg8 30. Ne4 Bd8 31. Nxd6 Be6 32. Rxe5 Rxe5 33. Nxe5 Qf8 1-0

[Event "Vescovato Gerolamo op-B 13th"]
[Site "Vescovato"]
[Date "2014.04.27"]
[Round "6"]
[White "Frignani, Alessandro"]
[Black "Folcini, Gaddo"]
[Result "0-1"]
[WhiteElo "1409"]
[BlackElo "1620"]
[PlyCount "82"]
[EventDate "2014.04.25"]
[EventType "swiss"]
[EventRounds "6"]
[EventCountry "ITA"]
[SourceTitle "EXT 2024"]
[Source "ChessBase"]
[SourceDate "2023.10.10"]
[SourceVersion "1"]
[SourceVersionDate "2023.10.10"]
[SourceQuality "1"]

1. e4 e5 2. Bc4 d5 3. Bxd5 Nf6 4. Qf3 Nc6 5. Ne2 Bg4 6. Qb3 Nxd5 7. Qxd5 Bxe2 8. Qxd8+ Rxd8 9. Kxe2 Nd4+ 10. Kd1 Bc5 11. f3 0-0 12. c3 Nc6 13. Ke2 f5 14. b4 Bb6 15. Rf1 fxe4 16. fxe4 Rxf1 17. Kxf1 Rf8+ 18. Ke1 Rf2 19. g4 Rxh2 20. g5 Rh1+ 21. Ke2 Rxc1 22. a4 a6 23. d3 Ne7 24. Kd2 Rg1 25. Kc2 Ng6 26. c4 Bd4 27. Ra3 Rg2+ 28. Kd1 Bb2 29. Rb3 Nf4 30. Na3 Bd4 31. a5 Ne2 32. Nb1 Nf4 33. b5 Ne6 34. bxa6 bxa6 35. Rb8+ Kf7 36. Ra8 Rb2 37. Nd2 Bc3 38. Nf3 Rf2 39. Nh4 Rd2+ 40. Kc1 Nd4 41. Rxa6 Rh2 0-1

[Event "Crema op 14th"]
[Site "Crema"]
[Date "2012.09.02"]
[Round "6"]
[White "Biava, Pierluigi"]
[Black "Folcini, Gaddo"]
[Result "1-0"]
[WhiteElo "1655"]
[BlackElo "1606"]
[PlyCount "79"]
[EventDate "2012.08.31"]
[EventType "swiss"]
[EventRounds "6"]
[EventCountry "ITA"]
[SourceTitle "EXT 2014"]
[Source "ChessBase"]
[SourceDate "2013.11.20"]
[SourceVersion "1"]
[SourceVersionDate "2013.11.20"]
[SourceQuality "1"]

1. e4 e5 2. Nf3 d5 3. Nc3 d4 4. Ne2 Nc6 5. d3 Nf6 6. Bd2 Bg4 7. h3 Bxf3 8. gxf3 Be7 9. f4 Qd6 10. fxe5 Nxe5 11. Ng3 g6 12. Qe2 Qb6 13. Bg2 0-0-0 14. 0-0 Nh5 15. b3 Bh4 16. Nxh5 gxh5 17. Qxh5 Qf6 18. f4 Ng6 19. e5 Qg7 20. Qg4+ Kb8 21. Qf3 c6 22. b4 Be7 23. Be1 Rhg8 24. b5 Nxf4 25. Rf2 Bh4 26. Qxf4 Bxf2+ 27. Qxf2 c5 28. Bd2 Qh8 29. Rf1 Rxg2+ 30. Kxg2 Rg8+ 31. Kh1 a6 32. bxa6 Ka7 33. axb7 Qxe5 34. Bf4 Qd5+ 35. Kh2 Qxb7 36. Bd6 Qd5 37. Bg3 Rf8 38. Qf4 Qxa2 39. Qc7+ Ka6 40. Qd6+ 1-0

[Event "Crema op 14th"]
[Site "Crema"]
[Date "2012.08.31"]
[Round "1"]
[White "Folcini, Gaddo"]
[Black "Ranfagni, Stefano"]
[Result "0-1"]
[WhiteElo "1606"]
[BlackElo "1980"]
[PlyCount "60"]
[EventDate "2012.08.31"]
[EventType "swiss"]
[EventRounds "6"]
[EventCountry "ITA"]
[SourceTitle "EXT 2014"]
[Source "ChessBase"]
[SourceDate "2013.11.20"]
[SourceVersion "1"]
[SourceVersionDate "2013.11.20"]
[SourceQuality "1"]

1. d4 e6 2. e4 d5 3. Nf3 dxe4 4. Ne5 Nf6 5. Bg5 Be7 6. Nc3 Nbd7 7. Qe2 c5 8. dxc5 Nxe5 9. Rd1 Qc7 10. Bxf6 Bxf6 11. Nxe4 Bd7 12. Nd6+ Kf8 13. f4 Nc6 14. c3 Ne7 15. Qf3 Bc6 16. Qh5 g6 17. Qh3 Nd5 18. Bc4 Kg7 19. 0-0 b6 20. f5 bxc5 21. Ne4 Nf4 22. Qg4 exf5 23. Qxf4 Qxf4 24. Rxf4 Bxe4 25. Rd7 Rhf8 26. g4 g5 27. Rxe4 fxe4 28. Rc7 Rad8 29. Rxa7 Rd2 30. b4 cxb4 0-1

[Event "Crema op 13th"]
[Site "Crema"]
[Date "2011.09.04"]
[Round "6"]
[White "Folcini, Gaddo"]
[Black "Gemelli, Giovanni"]
[Result "0-1"]
[WhiteElo "1572"]
[BlackElo "1741"]
[PlyCount "62"]
[EventDate "2011.09.02"]
[EventType "swiss"]
[EventRounds "6"]
[EventCountry "ITA"]
[SourceTitle "EXT 2022"]
[Source "ChessBase"]
[SourceDate "2021.10.06"]
[SourceVersion "1"]
[SourceVersionDate "2021.10.06"]
[SourceQuality "1"]

1. e4 c5 2. d4 cxd4 3. c3 Nf6 4. e5 Nd5 5. cxd4 Nc6 6. Nf3 d6 7. Be2 Bg4 8. 0-0 e6 9. Nc3 Nb6 10. d5 exd5 11. Nxd5 Nxd5 12. Qxd5 dxe5 13. Qe4 Bxf3 14. Bxf3 Bd6 15. Rd1 Qf6 16. Bg5 Qxg5 17. Rxd6 0-0 18. Rd7 Rab8 19. Qc4 Qf6 20. Bd5 Rbd8 21. Rc7 Na5 22. Qd3 Qd6 23. Rc5 Qxc5 24. Bxf7+ Kxf7 25. Qxh7 Qd6 26. Rf1 Qg6 27. Qh4 Rd4 28. Qh3 Kg8 29. Qa3 Qf6 30. h3 Nc4 31. Qb3 Kh8 0-1

[Event "Crema op 13th"]
[Site "Crema"]
[Date "2011.09.02"]
[Round "2"]
[White "Folcini, Gaddo"]
[Black "Pisani, Valerio"]
[Result "0-1"]
[WhiteElo "1572"]
[BlackElo "1761"]
[PlyCount "76"]
[EventDate "2011.09.02"]
[EventType "swiss"]
[EventRounds "6"]
[EventCountry "ITA"]
[SourceTitle "EXT 2022"]
[Source "ChessBase"]
[SourceDate "2021.10.06"]
[SourceVersion "1"]
[SourceVersionDate "2021.10.06"]
[SourceQuality "1"]

1. e4 e6 2. d4 d5 3. e5 c5 4. Qg4 Nc6 5. c3 cxd4 6. Nf3 dxc3 7. Nxc3 d4 8. Ne4 Bb4+ 9. Bd2 Bxd2+ 10. Nexd2 g6 11. Nc4 Nh6 12. Nd6+ Kf8 13. Qf4 Qa5+ 14. Nd2 Qxe5+ 15. Qxe5 Nxe5 16. Be2 Ke7 17. N6e4 f5 18. Nc5 b6 19. Ncb3 d3 20. Bf1 Ba6 21. 0-0-0 Nhg4 22. Re1 Rac8+ 23. Kb1 Nc6 24. f3 Nf6 25. g4 fxg4 26. fxg4 Nxg4 27. Bh3 h5 28. Re4 Nd8 29. Bxg4 Bb7 30. Bf3 Bxe4 31. Bxe4 Nc6 32. Bxg6 Ne5 33. Be4 Rhf8 34. Re1 Rcd8 35. Bg2 Rf2 36. Rg1 Rg8 37. Re1 Rgxg2 38. Rxe5 Rxd2 0-1

[Event "Crema op 12th"]
[Site "Crema "]
[Date "2010.09.05"]
[Round "4"]
[White "Secondi, Alberto"]
[Black "Folcini, Gaddo"]
[Result "0-1"]
[WhiteElo "1455"]
[BlackElo "1543"]
[PlyCount "40"]
[EventDate "2010.09.05"]
[EventType "swiss"]
[EventRounds "6"]
[EventCountry "ITA"]
[SourceTitle "EXT 2012"]
[Source "ChessBase"]
[SourceDate "2011.11.24"]
[SourceVersion "1"]
[SourceVersionDate "2011.11.24"]
[SourceQuality "1"]

1. d4 e5 2. d5 Bc5 3. e4 d6 4. Nf3 Nf6 5. Nc3 Bg4 6. Be2 Nbd7 7. h3 Bxf3 8. Bxf3 h5 9. Bg5 Qe7 10. Qd2 0-0-0 11. 0-0 Nf8 12. Na4 N8h7 13. Bxf6 gxf6 14. h4 f5 15. Nxc5 Qxh4 16. Nd3 fxe4 17. Qb4 Ng5 18. Be2 Nh3+ 19. Kh2 Nf4+ 20. Kg1 Nxe2# 0-1

[Event "Robecchetto op-B 20th"]
[Site "Robecchetto"]
[Date "2009.12.29"]
[Round "5"]
[White "Folcini, Gaddo"]
[Black "Macchiettini, Pierangelo"]
[Result "0-1"]
[WhiteElo "1513"]
[BlackElo "1682"]
[PlyCount "70"]
[EventDate "2009.12.27"]
[EventType "swiss"]
[EventRounds "6"]
[EventCountry "ITA"]
[SourceTitle "EXT 2023"]
[Source "ChessBase"]
[SourceDate "2022.10.05"]
[SourceVersion "1"]
[SourceVersionDate "2022.10.05"]
[SourceQuality "1"]

1. d4 d5 2. e4 dxe4 3. Nc3 Nf6 4. f3 exf3 5. Nxf3 b6 6. Bb5+ c6 7. Bc4 e6 8. 0-0 Be7 9. Bg5 Nbd7 10. Qe2 0-0 11. Ne5 Nb8 12. Bxf6 Qxd4+ 13. Kh1 Bxf6 14. Rxf6 gxf6 15. Ng4 Ba6 16. Bxa6 Nxa6 17. Ne4 f5 18. Ngf6+ Kg7 19. Qh5 Rh8 20. Rd1 Qe3 21. Qh4 fxe4 22. Rf1 Qh6 23. Qf2 Qg6 24. Qd4 Rhd8 25. Nd7+ Kg8 26. Nf6+ Kf8 27. Qc3 Rd6 28. Nxe4 Rdd8 29. Qh8+ Ke7 30. Qe5 Rd5 31. Qf4 Rad8 32. Nc3 Rf5 33. Qh4+ Ke8 34. Re1 Rd2 35. Ne4 Qxg2# 0-1

[Event "Robecchetto op-B 20th"]
[Site "Robecchetto"]
[Date "2009.12.29"]
[Round "4"]
[White "Santarelli, Sabatino"]
[Black "Folcini, Gaddo"]
[Result "1-0"]
[WhiteElo "1658"]
[BlackElo "1513"]
[PlyCount "209"]
[EventDate "2009.12.27"]
[EventType "swiss"]
[EventRounds "6"]
[EventCountry "ITA"]
[SourceTitle "EXT 2023"]
[Source "ChessBase"]
[SourceDate "2022.10.05"]
[SourceVersion "1"]
[SourceVersionDate "2022.10.05"]
[SourceQuality "1"]

1. e4 e5 2. Bc4 Nf6 3. d3 d5 4. exd5 Bc5 5. Bg5 0-0 6. Nf3 e4 7. dxe4 Bxf2+ 8. Kf1 Bb6 9. Nc3 Qd6 10. Bxf6 Qxf6 11. Na4 Be3 12. Qe2 Qf4 13. Bd3 Bg4 14. Re1 Bd4 15. h3 Bxf3 16. Qxf3 Qd6 17. Ke2 Nd7 18. c3 Be5 19. Kd1 a6 20. c4 Qb4 21. Bc2 Qxc4 22. Nc3 b5 23. Qd3 Qb4 24. Kc1 Bf4+ 25. Kb1 Nc5 26. Qf3 Be5 27. a3 Qa5 28. Na2 Qb6 29. Qe3 a5 30. Re2 b4 31. Bd1 bxa3 32. Qxa3 Rab8 33. Nc3 Nd3 34. Ba4 Qf6 35. Rc2 Bd6 36. Qa1 Nb4 37. Re2 Nd3 38. Bb5 Rxb5 39. Nxb5 Rb8 40. Nxd6 cxd6 41. Qa3 Ne5 42. Qxa5 Nc4 43. Qa2 Qc3 44. Ka1 Qd3 45. Rhe1 Nb6 46. Re3 Qd4 47. Qb3 Ra8+ 48. Kb1 Na4 49. Rc1 Qa7 50. Rc4 Nc5 51. Rxc5 Qxc5 52. Qc3 Qb5 53. Re1 h6 54. g4 Qa6 55. Rc1 Qa1+ 56. Kc2 Qa4+ 57. Kd3 Qb5+ 58. Ke3 Qb6+ 59. Kf3 Qd8 60. Kg3 Qg5 61. Rf1 h5 62. Qf3 h4+ 63. Kg2 f6 64. Qf4 Qg6 65. Qf5 Kh7 66. Qxg6+ Kxg6 67. b4 Kg5 68. Rf2 Ra3 69. Rf3 Ra2+ 70. Kf1 Rb2 71. e5 fxe5 72. Rf7 Rxb4 73. Rxg7+ Kf6 74. Rh7 Kg5 75. Rh5+ Kg6 76. Rxh4 e4 77. Rh8 Kg7 78. Rd8 Rb2 79. Rxd6 e3 80. Re6 Rf2+ 81. Ke1 Rd2 82. d6 Kf8 83. g5 Kf7 84. Re7+ Kg6 85. h4 Rxd6 86. Rxe3 Rd4 87. Re6+ Kf7 88. Rf6+ Kg7 89. Rh6 Rg4 90. Kf2 Ra4 91. Kg3 Ra3+ 92. Kg4 Ra4+ 93. Kh5 Ra5 94. Rc6 Rb5 95. Rc7+ Kh8 96. Kh6 Rb6+ 97. g6 Rb8 98. h5 Kg8 99. Rf7 Rb6 100. Kg5 Rb5+ 101. Rf5 Rb8 102. h6 Kh8 103. Re5 Rc8 104. h7 Rd8 105. Kh6 1-0

[Event "Robecchetto op-B 19th"]
[Site "Robecchetto"]
[Date "2008.12.27"]
[Round "1"]
[White "Folcini, Gaddo"]
[Black "Cervini, Gian Piero"]
[Result "0-1"]
[WhiteElo "1523"]
[BlackElo "1768"]
[PlyCount "66"]
[EventDate "2008.12.27"]
[EventType "swiss"]
[EventRounds "6"]
[EventCountry "ITA"]
[SourceTitle "EXT 2011"]
[Source "ChessBase"]
[SourceDate "2010.11.26"]
[SourceVersion "1"]
[SourceVersionDate "2010.11.26"]
[SourceQuality "1"]

1. d4 Nf6 2. e4 d6 3. Nc3 g6 4. Be2 Bg7 5. Bg5 Nc6 6. Qd2 e5 7. d5 Nd4 8. Nf3 Nxf3+ 9. gxf3 Bd7 10. 0-0-0 h6 11. Be3 a6 12. Rdg1 Nh5 13. h4 Qf6 14. Bd1 0-0-0 15. Be2 Nf4 16. Bc4 g5 17. a4 gxh4 18. Kb1 Nh3 19. Qd3 Rdg8 20. Bxa6 bxa6 21. Qxa6+ Kd8 22. Rd1 Qxf3 23. Qf1 Bf6 24. Rd3 Nf4 25. Bxf4 Qxf4 26. a5 Ke7 27. a6 Ra8 28. Re3 Ra7 29. b4 Rg8 30. f3 Qxe3 31. Kb2 Rg3 32. b5 Rxf3 33. Qc4 Qxc3+ 0-1